| 000 | 00628nam a2200205 a 4500 | ||
|---|---|---|---|
| 001 | 12949 | ||
| 003 | CO-ViMGA | ||
| 008 | 141112s2004 ck r 000 u spa d | ||
| 020 | _a8432040142 | ||
| 040 |
_aCO-ViMGA _bspa _cCO-ViMGA |
||
| 082 | 0 | 4 | _a862 C146da |
| 100 | 1 |
_aCalderon, de la Barca Pedro _915416 |
|
| 245 | 1 | 0 | _aLa Dama Duende Casa con dos puertas, mala es de guardar |
| 260 |
_aBarcelona : _bPlaneta, _c1989 |
||
| 300 | _a235p. | ||
| 650 | 1 | 4 |
_aCALDERON DE LA BARCA PEDRO'1600 - 1681 _918859 |
| 650 | 1 | 4 |
_aCRITICA E INTERPRETACION LITERATURA ESPAÑOLA _918860 |
| 650 | 1 | 4 |
_aHISTORIA Y CRITICA _99057 |
| 942 |
_2ddc _cBK |
||
| 999 |
_c23848 _d23848 |
||